01747nam a2200385Ia 4500001001200000003000800012006001900020007001500039008004100054010001700095020002600112020002900138020002300167020002600190040002100216035002100237050002600258245013600284260004800420300003200468500024500500504005100745533015200796650003700948650003800985650003801023650004101061655002901102700002601131700002201157700002201179710001701201856012601218999001701344ebr10688569CaPaEBRm u cr cn|||||||||051222s2006 enkab sb 001 0 eng d z 2005036769 z184407319X (hardback) z9781844073191 (hardback) z2876146355 (cased) z9782876146358 (cased) aCaPaEBRcCaPaEBR a(OCoLC)65543365814aHC800.Z9bE594 2006eb00aWater governance for sustainable developmenth[electronic resource] /cedited by Sylvain Perret, Stefano Farolfi and Rashid Hassan. aLondon ;aSterling, VA :bEarthscan,c2006. axxiv, 295 p. :bill., maps. a"The idea of the present book originated during the international workshop on Water Resource Management for Local Development: Governance, Institutions and Policies (WRM2004, Loskop Dam, South Africa, 8-11 November 2004)"--Acknowledgements. aIncludes bibliographical references and index. aElectronic reproduction.bPalo Alto, Calif. :cebrary,d2013.nAvailable via World Wide Web.nAccess may be limited to ebrary affiliated libraries. 0aSustainable developmentzAfrica. 0aWater-supplyzAfricaxManagement. 0aWater quality managementzAfrica. 0aWater resources developmentzAfrica. 7aElectronic books.2local1 aPerret, S.q(Sylvain)1 aFarolfi, Stefano.1 aHassan, Rashid M.2 aebrary, Inc.40uhttp://site.ebrary.com/lib/rucke/Doc?id=10688569zAn electronic book accessible through the World Wide Web; click to view c11626d11626